[Event "Gipuzkoa-ch Primera"]
[Site "Bergara"]
[Date "2016.11.19"]
[Round "6"]
[White "Fernandez Zubitur, Jokin"]
[Black "Uriarte Prieto, Goyo"]
[Result "1-0"]
[WhiteElo "2003"]
[BlackElo "1988"]
[PlyCount "59"]
[EventDate "2016.10.15"]
[EventType "swiss"]
[EventRounds "7"]
[EventCountry "ESP"]
[SourceTitle "EXT 2024"]
[Source "ChessBase"]
[SourceDate "2023.10.10"]
[SourceVersion "1"]
[SourceVersionDate "2023.10.10"]
[SourceQuality "1"]

1. e4 e6 2. d4 d5 3. Nc3 Bb4 4. e5 c5 5. Bd2 Ne7 6. Nb5 Bxd2+ 7. Qxd2 0-0 8. dxc5 Nd7 9. Qc3 a6 10. Nd6 Qc7 11. 0-0-0 Qxc5 12. Qxc5 Nxc5 13. f4 b5 14. Nf3 b4 15. Nd4 Bd7 16. g3 Nc8 17. Nxc8 Rfxc8 18. Bg2 Rab8 19. Nb3 Nxb3+ 20. axb3 Rc5 21. Kd2 Rbc8 22. Rc1 f6 23. Rhe1 Kf7 24. c3 bxc3+ 25. bxc3 fxe5 26. Rxe5 Ke7 27. Bh3 Kd6 28. Rce1 Rxc3 29. Rxe6+ Bxe6 30. Rxe6+ 1-0

[Event "Gipuzkoa-ch"]
[Site "Donostia"]
[Date "2014.10.25"]
[Round "4.11"]
[White "Moreno Romero, Ernesto"]
[Black "Fernandez Zubitur, Jokin"]
[Result "0-1"]
[WhiteElo "1665"]
[BlackElo "2001"]
[PlyCount "38"]
[EventDate "2014.10.04"]
[EventType "swiss"]
[EventRounds "7"]
[EventCountry "ESP"]
[SourceTitle "EXT 2024"]
[Source "ChessBase"]
[SourceDate "2023.10.10"]
[SourceVersion "1"]
[SourceVersionDate "2023.10.10"]
[SourceQuality "1"]

1. d4 Nf6 2. c4 e5 3. d5 Bc5 4. e3 0-0 5. Be2 Ne4 6. Nf3 d6 7. Nbd2 f5 8. 0-0 Nd7 9. Nxe4 fxe4 10. Ne1 Qg5 11. g3 Nf6 12. Ng2 Bh3 13. Kh1 Ng4 14. Bxg4 Bxg4 15. Qe1 Bf3 16. Kg1 Rf6 17. Qd2 Rh6 18. Ne1 Rxh2 19. Nxf3 exf3 0-1

[Event "San Sebastian op 36th"]
[Site "San Sebastian"]
[Date "2013.03.24"]
[Round "2"]
[White "Fernandez Zubitur, Jokin"]
[Black "Andres Gonzalez, Ivan"]
[Result "0-1"]
[WhiteElo "1966"]
[BlackElo "2331"]
[PlyCount "118"]
[EventDate "2013.03.23"]
[EventType "swiss"]
[EventRounds "9"]
[EventCountry "ESP"]
[SourceTitle "CBM 153 Extra"]
[Source "ChessBase"]
[SourceDate "2013.04.22"]
[SourceVersion "1"]
[SourceVersionDate "2013.04.22"]
[SourceQuality "1"]

1. e4 c6 2. d4 d5 3. exd5 cxd5 4. Bd3 Nc6 5. c3 g6 6. Nf3 Nf6 7. 0-0 Bg7 8. Re1 0-0 9. Nbd2 Nh5 10. Nf1 Qd6 11. Ng3 Nf4 12. Bxf4 Qxf4 13. Qc1 Bh6 14. Qxf4 Bxf4 15. Ne5 e6 16. Ng4 Kg7 17. Ne2 Bd6 18. f4 f6 19. Ne3 Bd7 20. g3 Rfc8 21. h4 Be8 22. f5 gxf5 23. Bxf5 Bf7 24. Bh3 Rg8 25. Kf2 Ne7 26. Rad1 f5 27. Ng2 Bh5 28. Rd2 Bxe2 29. Rdxe2 Kf7 30. Re3 Rg6 31. Rf3 h5 32. Nf4 Bxf4 33. Rxf4 Rag8 34. Re3 b5 35. Bf1 a6 36. Be2 Rh6 37. Bd1 Nc8 38. Bc2 Nd6 39. Bd3 Ne8 40. a4 Nd6 41. Re1 Rhg6 42. Rf3 bxa4 43. Ra1 Rb8 44. Ra2 a5 45. Bc2 Nc4 46. Bxa4 Rxb2+ 47. Rxb2 Nxb2 48. Bb5 Rg8 49. c4 Nxc4 50. Bxc4 dxc4 51. d5 a4 52. Ke3 a3 53. Kd4 Ra8 54. dxe6+ Kxe6 55. Rf1 a2 56. Ra1 Ra4 57. Re1+ Kd6 58. Ra1 Kc6 59. Kc3 Kd5 0-1

[Event "San Sebastian op 35th"]
[Site "San Sebastian"]
[Date "2012.03.31"]
[Round "1"]
[White "Bakre, Tejas"]
[Black "Fernandez Zubitur, Jokin"]
[Result "1-0"]
[WhiteElo "2513"]
[BlackElo "1927"]
[PlyCount "61"]
[EventDate "2012.03.31"]
[EventType "swiss"]
[EventRounds "9"]
[EventCountry "ESP"]
[SourceTitle "CBM 147 Extra"]
[Source "ChessBase"]
[SourceDate "2012.04.24"]
[SourceVersion "1"]
[SourceVersionDate "2012.04.24"]
[SourceQuality "1"]

1. Nf3 Nf6 2. c4 e6 3. g3 b6 4. Bg2 Bb7 5. 0-0 Be7 6. Nc3 0-0 7. Re1 d5 8. cxd5 exd5 9. d4 c6 10. Bf4 Re8 11. Rc1 Nbd7 12. Qa4 Nh5 13. Bd2 Bf8 14. Bh3 Nhf6 15. Bg5 h6 16. Bxd7 Qxd7 17. Bxf6 gxf6 18. Nd1 h5 19. Rc3 Qd6 20. Ne3 Qe6 21. Nh4 c5 22. Neg2 Bc6 23. Qc2 Qe4 24. Nf4 Qxd4 25. Nxh5 Qe5 26. Nf5 d4 27. f4 Qe6 28. Nxd4 cxd4 29. Rxc6 Qe3+ 30. Kf1 Re6 31. Nxf6+ 1-0

[Event "San Sebastian op 34th"]
[Site "San Sebastian"]
[Date "2011.04.20"]
[Round "5"]
[White "Fernandez Zubitur, Jokin"]
[Black "Pastor Pons, Pedro Maria"]
[Result "0-1"]
[WhiteElo "1935"]
[BlackElo "2156"]
[PlyCount "136"]
[EventDate "2011.04.16"]
[EventType "swiss"]
[EventRounds "9"]
[EventCountry "ESP"]
[SourceTitle "CBM 141 Extra"]
[Source "ChessBase"]
[SourceDate "2011.05.03"]
[SourceVersion "1"]
[SourceVersionDate "2011.05.03"]
[SourceQuality "1"]

1. e4 g6 2. d4 Bg7 3. Nc3 d6 4. Be3 c6 5. Qd2 h6 6. h4 Nf6 7. f3 b5 8. g4 Nfd7 9. Nh3 Nb6 10. a3 a6 11. Nf4 e6 12. b3 N8d7 13. Be2 Qc7 14. Rd1 Bb7 15. Nd3 0-0-0 16. a4 h5 17. axb5 cxb5 18. Nb4 Nb8 19. Bxb5 axb5 20. Nxb5 Qd7 21. Na7+ Kc7 22. Qc3+ Bc6 23. Ra1 Kb7 24. Naxc6 Nxc6 25. Nxc6 Ra8 26. Rxa8 Rxa8 27. Na5+ Kb8 28. Qb4 Qc7 29. Kd2 Rxa5 30. c4 Ra2+ 31. Kd3 Kc8 32. Rc1 Nd7 33. gxh5 gxh5 34. Rg1 Bf8 35. Rg8 Qb7 36. Qxb7+ Kxb7 37. Rh8 Rb2 38. Kc3 Rh2 39. Rxh5 Rh3 40. Kd3 Rxf3 41. Ke2 Rg3 42. Rh7 Rg7 43. Rh8 Be7 44. h5 Nf8 45. Bh6 Rh7 46. Rxf8 Bxf8 47. Bxf8 Rxh5 48. Bxd6 Rh3 49. b4 Rc3 50. e5 Rxc4 51. Kd3 Rc1 52. Bc5 Kc6 53. Ke4 Re1+ 54. Kd3 Kb5 55. Kc3 Re3+ 56. Kd2 Rh3 57. Ke2 Kc4 58. Kd2 Rd3+ 59. Kc2 Rf3 60. Kd2 Ra3 61. Ke2 Rb3 62. Kd2 Rd3+ 63. Kc2 Rxd4 64. Bxd4 Kxd4 65. Kb3 Kxe5 66. Ka4 Kd6 67. Ka5 Kc7 68. Ka6 Kb8 0-1

[Event "Gipuzkoa Province-ch"]
[Site "Azkoitia"]
[Date "2010.11.13"]
[Round "5"]
[White "Tejedor Txapartegi, Nabar"]
[Black "Fernandez Zubitur, Jokin"]
[Result "1/2-1/2"]
[WhiteElo "1995"]
[BlackElo "1907"]
[PlyCount "50"]
[EventDate "2010.10.16"]
[EventType "swiss"]
[EventRounds "7"]
[EventCountry "ESP"]
[SourceTitle "EXT 2014"]
[Source "ChessBase"]
[SourceDate "2013.11.20"]
[SourceVersion "1"]
[SourceVersionDate "2013.11.20"]
[SourceQuality "1"]

1. e4 e5 2. d4 exd4 3. Qxd4 Nc6 4. Qe3 Nf6 5. Nc3 Bb4 6. Bd2 0-0 7. 0-0-0 Re8 8. Qg3 Rxe4 9. a3 Bxc3 10. Bxc3 d6 11. Ne2 Nh5 12. Qd3 Bf5 13. f3 Nf4 14. Nxf4 Rxf4 15. Qd2 Rh4 16. g3 Rh6 17. Qf4 Bd7 18. Bc4 Be6 19. Bd3 Bd7 20. g4 Re6 21. Bc4 Re7 22. Qg5 Ne5 23. Bb3 h6 24. Qh5 Qf8 25. Qh3 Be6 1/2-1/2

[Event "San Sebastian op 20th"]
[Site "San Sebastian"]
[Date "2010.09.25"]
[Round "2"]
[White "Argandona Riveiro, Inigo"]
[Black "Fernandez Zubitur, Jokin"]
[Result "1-0"]
[WhiteElo "2397"]
[BlackElo "1892"]
[PlyCount "91"]
[EventDate "2010.09.24"]
[EventType "swiss"]
[EventRounds "9"]
[EventCountry "ESP"]
[SourceTitle "CBM 138 Extra"]
[Source "ChessBase"]
[SourceDate "2010.10.29"]
[SourceVersion "1"]
[SourceVersionDate "2010.10.29"]
[SourceQuality "1"]

1. Nf3 Nf6 2. c4 e6 3. g3 b6 4. Bg2 Bb7 5. 0-0 Be7 6. Nc3 0-0 7. Re1 Ne4 8. Nxe4 Bxe4 9. d3 Bb7 10. e4 d6 11. d4 Nd7 12. b3 e5 13. Bb2 Bf6 14. Qc2 Re8 15. Rad1 Qe7 16. b4 a5 17. c5 bxc5 18. bxc5 dxc5 19. dxe5 Nxe5 20. Nxe5 Bxe5 21. Bxe5 Qxe5 22. Rc1 Re7 23. Qxc5 Qxc5 24. Rxc5 g6 25. f3 Rd7 26. Rb1 c6 27. Bh3 Rc7 28. a4 Bc8 29. Kg2 f6 30. Rb6 Kf7 31. Rcxc6 Bxh3+ 32. Kxh3 Rxc6 33. Rxc6 Ra7 34. Kg4 h5+ 35. Kf4 Kg7 36. h4 Kf7 37. g4 hxg4 38. Kxg4 Kg7 39. h5 gxh5+ 40. Kxh5 Re7 41. Kg4 Re5 42. Rd6 Kf7 43. Kf4 Ke7 44. Rd5 Ke6 45. Rxe5+ fxe5+ 46. Kg5 1-0

[Event "San Sebastian Primavera de Gros op 6th"]
[Site "San Sebastian"]
[Date "2010.05.29"]
[Round "6"]
[White "Fernandez Zubitur, Jokin"]
[Black "Segovia Sanchez, Antonio"]
[Result "1/2-1/2"]
[WhiteElo "1908"]
[BlackElo "1998"]
[PlyCount "35"]
[EventDate "2010.04.24"]
[EventType "swiss"]
[EventRounds "8"]
[EventCountry "ESP"]
[SourceTitle "EXT 2024"]
[Source "ChessBase"]
[SourceDate "2023.10.10"]
[SourceVersion "1"]
[SourceVersionDate "2023.10.10"]
[SourceQuality "1"]

1. e4 d6 2. d4 g6 3. Nf3 Bg7 4. Nc3 Nf6 5. Bc4 0-0 6. 0-0 c6 7. a4 a5 8. Re1 Nfd7 9. Be3 Na6 10. Qd2 Nb6 11. Bd3 Bg4 12. Bh6 Bxf3 13. Bxg7 Kxg7 14. gxf3 e5 15. Bf1 Qf6 16. d5 Nc5 17. Bg2 Rfd8 18. b3 1/2-1/2

[Event "San Sebastian op 33rd"]
[Site "San Sebastian"]
[Date "2010.04.01"]
[Round "6"]
[White "Fernandez Zubitur, Jokin"]
[Black "Aguado Zabaleta, Felix"]
[Result "1/2-1/2"]
[WhiteElo "1908"]
[BlackElo "1775"]
[PlyCount "44"]
[EventDate "2010.03.28"]
[EventType "swiss"]
[EventRounds "9"]
[EventCountry "ESP"]
[SourceTitle "CBM 135 Extra"]
[Source "ChessBase"]
[SourceDate "2010.05.04"]
[SourceVersion "1"]
[SourceVersionDate "2010.05.04"]
[SourceQuality "1"]

1. b4 e6 2. Bb2 Nf6 3. a3 d5 4. e3 Bd7 5. Nf3 c5 6. bxc5 Bxc5 7. Ne5 0-0 8. Nc3 a6 9. Be2 Be8 10. 0-0 Nc6 11. Nxc6 Bxc6 12. Bf3 Rc8 13. Ne2 Ba4 14. Nc3 Bc6 15. Re1 Rc7 16. d3 Ba7 17. Qd2 Qe7 18. Rec1 Rd8 19. Ne2 e5 20. g3 Nd7 21. c4 dxc4 22. Bxc6 Rxc6 1/2-1/2

[Event "San Sebastian op 33rd"]
[Site "San Sebastian"]
[Date "2010.03.30"]
[Round "3"]
[White "Griffiths, Ryan Rhys"]
[Black "Fernandez Zubitur, Jokin"]
[Result "1-0"]
[WhiteElo "2195"]
[BlackElo "1908"]
[PlyCount "105"]
[EventDate "2010.03.28"]
[EventType "swiss"]
[EventRounds "9"]
[EventCountry "ESP"]
[SourceTitle "CBM 135 Extra"]
[Source "ChessBase"]
[SourceDate "2010.05.04"]
[SourceVersion "1"]
[SourceVersionDate "2010.05.04"]
[SourceQuality "1"]

1. e4 e5 2. Nf3 Nc6 3. d4 exd4 4. Nxd4 Bc5 5. Nxc6 Qf6 6. Qd2 dxc6 7. Nc3 Be6 8. Na4 Rd8 9. Bd3 Bd4 10. c3 Bxf2+ 11. Qxf2 Rxd3 12. Qxf6 Nxf6 13. Nc5 Rd8 14. Nxb7 Rb8 15. Nc5 Rb5 16. b4 Nxe4 17. a4 Rxc5 18. bxc5 Bc4 19. Bf4 0-0 20. Bxc7 Re8 21. 0-0-0 Nf2 22. Rd4 Nxh1 23. Rxc4 Re2 24. Bb6 a6 25. Rd4 Kf8 26. Rd6 Re6 27. Rd8+ Re8 28. Rd2 Re1+ 29. Kc2 g5 30. Kb3 g4 31. Kb4 g3 32. hxg3 Nxg3 33. Ka5 Ne4 34. Rd4 Nxc3 35. Kxa6 Re7 36. Bd8 Re8 37. Kb7 Nxa4 38. Kxc6 Re6+ 39. Rd6 Kg7 40. Rxe6 fxe6 41. Kd6 Nxc5 42. Kxc5 Kg6 43. Kd4 Kf5 44. Ke3 Kg4 45. Kf2 h5 46. Kg1 h4 47. Kh2 e5 48. Bb6 e4 49. Be3 h3 50. gxh3+ Kf3 51. Bb6 e3 52. Bxe3 Kxe3 53. Kg3 1-0